| 000 | 00551nam a2200193Ia 4500 | ||
|---|---|---|---|
| 003 | GCL | ||
| 008 | 140319s9999 xx 000 0 eng d | ||
| 020 | _a1902538072 | ||
| 040 |
_aGCL / _cGCL |
||
| 082 | 0 | 4 |
_a770 _bK H |
| 100 | 1 | _aKLEIN, LAURIE | |
| 245 | 1 | 0 |
_aHAND COLOURING BLACK & WHITE PHOTOGRAPHY / _cKLEIN, LAURIE |
| 260 |
_aانجلترا : _bROCKPORT PUBLISHERS INC. ، _c1999 |
||
| 300 |
_a32 CM ؛ _c126 P |
||
| 650 | 0 | 4 | _aPHOTOGRAPHY |
| 650 | 0 | 4 | _aBLACK AND WHITE PHOTOGRAPHY |
| 650 | 0 | 4 | _aHAND COLOURING - PHOTOGRAPHY |
| 942 |
_2ddc _cBK |
||
| 999 |
_c6602 _d6602 |
||